000 00336nam a2200133 4500
005 20260530113848.0
100 1 _aEdward de Bono
_930930
245 1 0 _aPractical Thinking
264 1 _bPelican Penguin Books
_c1979
300 _a182 páginas
336 _atexto
_2rdacontent
337 _asin medio
_2rdamedia
338 _avolumen
_2rdacarrier
999 _c11358
_d11358